Average HDI by continent - Statistics

General Stats
  • This quiz has been taken 72 times
  • The average score is 5 of 6
Answer Stats
Average HDI Continent % Correct
0.536 Africa
93%
0.714 Asia
93%
0.845 Europe
92%
0.733 North America
88%
0.693 Oceania
83%
0.738 South America
83%
No matching quizzes found
Score Distribution
Percent of People with Each Score
Percentile by Number Answered
Your Score History
You have not taken this quiz